Geography Quiz

Random Geography or World Quiz

World Flags (A-Z) Quiz Stats

 Plays Quiz Updated Nov 19, 2018

Also try: Flag Fragments
Challenge
Share
Tweet
Score 0/24 Timer 03:00
18 Plays Today
% Correct
Japan
97.1%
France
94.7%
South Korea
91.1%
Greece
90.7%
Turkey
83.8%
Kenya
76.7%
Poland
73.5%
Chile
71.8%
Algeria
71.6%
Romania
71.5%
Qatar
71.3%
Vietnam
68.2%
% Correct
Barbados
60.6%
Oman
60.1%
Yemen
59.2%
Zambia
59%
Uganda
58.3%
Indonesia
58%
Haiti
56%
Malta
54.9%
Libya
54.8%
Djibouti
49.5%
Niger
48.7%
Equatorial Guinea
32.4%

You're not logged in!

Compare scores with friends on all Sporcle quizzes.
OR
Log In

You Might Also Like...

Show Comments

Extras

Top Quizzes Today


Score Distribution

Your Account Isn't Verified!

In order to create a playlist on Sporcle, you need to verify the email address you used during registration. Go to your Sporcle Settings to finish the process.

Report this User

Report this user for behavior that violates our Community Guidelines.

Details: